Proces technickej harmonizácie s Európskou úniou z pohľadu slovenských firiem

Výsledky prieskumu medzi slovenskými exportujúcimi firmami na získanie názorov o tom, ako vnímajú proces technickej harmonizácie a s ním spojené náklady a úžitky. Zavádzanie európskych noriem do slovenského systému noriem ako predpoklad pre vstup do EÚ.

Gespeichert in:
Bibliographische Detailangaben
1. Verfasser: Čaplánová, Anetta, 1967-
Format: Buchkapitel
Sprache:Slowakisch
Schlagworte:
Tags: Tag hinzufügen
Keine Tags, Fügen Sie das erste Tag hinzu!

MARC

LEADER 00000naa a2200000 4500
001 r046511
005 20240502071341.3
041 0 |a slo 
044 |a SK 
245 1 0 |a Proces technickej harmonizácie s Európskou úniou z pohľadu slovenských firiem  |c Anetta Čaplánová 
520 |a Výsledky prieskumu medzi slovenskými exportujúcimi firmami na získanie názorov o tom, ako vnímajú proces technickej harmonizácie a s ním spojené náklady a úžitky. Zavádzanie európskych noriem do slovenského systému noriem ako predpoklad pre vstup do EÚ. 
610 2 0 |a normy technické 
610 2 0 |a firmy 
610 2 0 |a Slovensko 
610 2 0 |a Európska únia 
610 2 0 |a aproximácia práva 
100 1 |a Čaplánová, Anetta, 1967-